[Event "San Sebastian op 34th"]
[Site "San Sebastian"]
[Date "2011.04.21"]
[Round "6"]
[White "San Segundo Carrillo, Pablo"]
[Black "Etchegaray, Patrice"]
[Result "1/2-1/2"]
[WhiteElo "2513"]
[BlackElo "2394"]
[PlyCount "52"]
[EventDate "2011.04.16"]
[EventType "swiss"]
[EventRounds "9"]
[EventCountry "ESP"]
[SourceTitle "CBM 141 Extra"]
[Source "ChessBase"]
[SourceDate "2011.05.03"]
[SourceVersion "1"]
[SourceVersionDate "2011.05.03"]
[SourceQuality "1"]

1. d4 Nf6 2. Nf3 g6 3. c4 c5 4. Nc3 Bg7 5. e4 cxd4 6. Nxd4 d6 7. Be2 Nc6 8. Be3 0-0 9. 0-0 Bd7 10. Qd2 Nxd4 11. Bxd4 Bc6 12. f3 a5 13. b3 Nd7 14. Be3 Nc5 15. Rab1 Qb6 16. Rfc1 Rfc8 17. a3 Qd8 18. Rc2 Qf8 19. Bf1 h5 20. b4 axb4 21. axb4 Na4 22. Nd1 Kh7 23. Rb3 Bh6 24. Ra3 Nb6 25. Rca2 Rxa3 26. Rxa3 Ra8 1/2-1/2

[Event "San Sebastian op 34th"]
[Site "San Sebastian"]
[Date "2011.04.21"]
[Round "7"]
[White "Santos Latasa, Jaime"]
[Black "San Segundo Carrillo, Pablo"]
[Result "0-1"]
[WhiteElo "2227"]
[BlackElo "2513"]
[PlyCount "130"]
[EventDate "2011.04.16"]
[EventType "swiss"]
[EventRounds "9"]
[EventCountry "ESP"]
[SourceTitle "CBM 141 Extra"]
[Source "ChessBase"]
[SourceDate "2011.05.03"]
[SourceVersion "1"]
[SourceVersionDate "2011.05.03"]
[SourceQuality "1"]

1. d4 d5 2. c4 c6 3. Nf3 Nf6 4. e3 Bg4 5. Qb3 Qb6 6. Nc3 e6 7. Nh4 Bh5 8. h3 g5 9. Nf3 h6 10. Ne5 Nfd7 11. Nxd7 Nxd7 12. Bd3 Rg8 13. Bd2 Bg6 14. Be2 Qxb3 15. axb3 a6 16. g4 f5 17. Bd3 Nf6 18. f3 Rd8 19. 0-0-0 Rd7 20. Be1 Bd6 21. Ne2 h5 22. gxf5 Bxf5 23. Bxf5 exf5 24. Bg3 Ke7 25. c5 Bxg3 26. Nxg3 Ke6 27. h4 g4 28. f4 Rh7 29. Rhg1 Ne4 30. Nxe4 dxe4 31. Rg3 b6 32. cxb6 Rb7 33. Kc2 Rxb6 34. Ra1 Rd8 35. Kc3 Rdb8 36. Ra3 a5 37. Rg2 Rb5 38. Rc2 c5 39. d5+ Kxd5 40. Rd2+ Kc6 41. Kc4 Rb4+ 42. Kc3 R4b7 43. Kc4 Ra8 44. Ra1 Rb4+ 45. Kc3 Rab8 46. Ra3 Ra8 47. Rd1 Rbb8 48. Kc4 a4 49. Rd2 Rxb3 50. Rxb3 axb3 51. Kxb3 Ra7 52. Kc4 Rd7 53. Rc2 Rd3 54. b4 cxb4 55. Kxb4+ Kd6 56. Ra2 Rxe3 57. Ra6+ Kd5 58. Ra5+ Kd4 59. Rxf5 Rf3 60. Rf8 e3 61. Rd8+ Ke4 62. Kc3 Kxf4 63. Rd5 Kg3 64. Rxh5 Kf2 65. Re5 g3 0-1

[Event "ESP-ch"]
[Site "El Sauzal"]
[Date "2010.09.12"]
[Round "9"]
[White "Anton Guijarro, David"]
[Black "San Segundo Carrillo, Pablo"]
[Result "1/2-1/2"]
[WhiteElo "2403"]
[BlackElo "2511"]
[PlyCount "181"]
[EventDate "2010.09.04"]
[EventType "swiss"]
[EventRounds "9"]
[EventCountry "ESP"]
[SourceTitle "CBM 138 Extra"]
[Source "ChessBase"]
[SourceDate "2010.10.29"]
[SourceVersion "1"]
[SourceVersionDate "2010.10.29"]
[SourceQuality "1"]

1. e4 c6 2. d4 d5 3. e5 Bf5 4. Nf3 e6 5. Be2 Ne7 6. Nbd2 Nd7 7. Nb3 Nc8 8. 0-0 Be7 9. Bd2 0-0 10. Ba5 Ncb6 11. a3 Rc8 12. Bb4 Na4 13. Bxe7 Qxe7 14. Ra2 Qd8 15. c3 b5 16. Qd2 a6 17. Qf4 Qc7 18. Nh4 Bc2 19. Nd2 f6 20. Qg3 fxe5 21. b3 exd4 22. Qxc7 Rxc7 23. bxa4 d3 24. Bd1 Bxd1 25. Rxd1 e5 26. Nhf3 e4 27. Nd4 Nc5 28. axb5 axb5 29. Nf1 Ra8 30. Ne3 Ra6 31. f3 Rca7 32. fxe4 dxe4 33. Rf2 Rf7 34. Ra2 Rfa7 35. Rf2 Rf7 36. Rb2 Rd7 37. Kf2 Rd6 38. Nef5 Rd7 39. Ke3 g6 40. Ng3 Rxa3 41. Nxc6 Rxc3 42. Rdd2 Na4 43. Rxb5 Rxc6 44. Nxe4 Nb6 45. Rxd3 Nc4+ 46. Ke2 Re7 47. Rd4 Nd6 48. Rb8+ Kg7 49. Kd3 Nf5 50. Rdd8 Ra6 51. Rb3 Ra4 52. Nc5 Re3+ 53. Kc2 Ra2+ 54. Kd1 Rxb3 55. Nxb3 Rxg2 56. Rd2 Rxd2+ 57. Nxd2 Kh6 58. Ke2 Kg5 59. Kf2 Kg4 60. Ne4 h6 61. Kg2 Nh4+ 62. Kg1 Kf4 63. Nf6 Nf5 64. Kg2 Ne3+ 65. Kg1 h5 66. Nd7 Ng4 67. Kg2 g5 68. Nf8 Ne3+ 69. Kf2 Nd1+ 70. Kg2 Ne3+ 71. Kf2 Ng4+ 72. Kg2 h4 73. Ne6+ Kf5 74. Nd4+ Ke5 75. Nf3+ Kf4 76. Nd4 Ne3+ 77. Kf2 Ng4+ 78. Kg2 Ne3+ 79. Kf2 Nd5 80. Kg2 Ke4 81. Nc6 Nf4+ 82. Kf2 Nd3+ 83. Kg2 Ke3 84. Ne7 Nf4+ 85. Kg1 Kf3 86. Nf5 Ne2+ 87. Kf1 h3 88. Nh6 Nd4 89. Nf7 g4 90. Ne5+ Kf4 91. Nxg4 1/2-1/2

[Event "ESP-ch"]
[Site "El Sauzal"]
[Date "2010.09.11"]
[Round "8"]
[White "San Segundo Carrillo, Pablo"]
[Black "Perez Felipe, Marcos Adrian"]
[Result "1-0"]
[WhiteElo "2511"]
[BlackElo "2305"]
[PlyCount "63"]
[EventDate "2010.09.04"]
[EventType "swiss"]
[EventRounds "9"]
[EventCountry "ESP"]
[SourceTitle "CBM 138 Extra"]
[Source "ChessBase"]
[SourceDate "2010.10.29"]
[SourceVersion "1"]
[SourceVersionDate "2010.10.29"]
[SourceQuality "1"]

1. c4 Nf6 2. Nc3 e5 3. Nf3 Nc6 4. g3 Bb4 5. Bg2 0-0 6. 0-0 Bxc3 7. bxc3 Re8 8. d3 e4 9. Nd4 exd3 10. exd3 Nxd4 11. cxd4 d5 12. Bg5 h6 13. Bxf6 Qxf6 14. cxd5 Qxd4 15. Rc1 Qb6 16. Qc2 Re7 17. Rfe1 Rxe1+ 18. Rxe1 Bf5 19. Rb1 Qa6 20. Be4 Bxe4 21. dxe4 c6 22. d6 Rd8 23. e5 Qa5 24. Qe2 b6 25. Rd1 Qc5 26. h4 Qc3 27. h5 Kh8 28. Qe4 Qc5 29. Kg2 Qa5 30. Qh4 b5 31. Qe7 b4 32. Qc7 1-0

[Event "ESP-ch"]
[Site "El Sauzal"]
[Date "2010.09.04"]
[Round "1"]
[White "San Segundo Carrillo, Pablo"]
[Black "Martin Hernandez, Ruben"]
[Result "1-0"]
[WhiteElo "2511"]
[BlackElo "2037"]
[PlyCount "37"]
[EventDate "2010.09.04"]
[EventType "swiss"]
[EventRounds "9"]
[EventCountry "ESP"]
[SourceTitle "CBM 138 Extra"]
[Source "ChessBase"]
[SourceDate "2010.10.29"]
[SourceVersion "1"]
[SourceVersionDate "2010.10.29"]
[SourceQuality "1"]

1. d4 Nf6 2. Nf3 e6 3. c4 b6 4. g3 Bb4+ 5. Bd2 Be7 6. Bg2 c6 7. 0-0 0-0 8. Bf4 d5 9. Qc2 Ba6 10. b3 Nbd7 11. Rd1 Rc8 12. Nc3 c5 13. dxc5 Rxc5 14. e4 dxc4 15. b4 Rh5 16. e5 Bxb4 17. exf6 Qxf6 18. Ne4 Qe7 19. a3 1-0

[Event "San Sebastian op 33rd"]
[Site "San Sebastian"]
[Date "2010.04.04"]
[Round "9"]
[White "San Segundo Carrillo, Pablo"]
[Black "Piasetski, Leon David"]
[Result "1-0"]
[WhiteElo "2534"]
[BlackElo "2280"]
[PlyCount "51"]
[EventDate "2010.03.28"]
[EventType "swiss"]
[EventRounds "9"]
[EventCountry "ESP"]
[SourceTitle "CBM 135 Extra"]
[Source "ChessBase"]
[SourceDate "2010.05.04"]
[SourceVersion "1"]
[SourceVersionDate "2010.05.04"]
[SourceQuality "1"]

1. d4 Nf6 2. c4 g6 3. Nc3 Bg7 4. e4 d6 5. Nf3 0-0 6. Be2 e5 7. 0-0 Na6 8. Re1 Qe8 9. Bg5 h6 10. Bxf6 Bxf6 11. c5 Kg7 12. Nd5 Bd8 13. Bxa6 bxa6 14. dxe5 dxe5 15. c6 Qxc6 16. Nxe5 Qb7 17. Rc1 Qxb2 18. Nc6 Be6 19. Rc2 Qa3 20. Qd4+ Kh7 21. e5 Bxd5 22. Qxd5 Qa4 23. Rc3 Bg5 24. h4 Bd8 25. Rf3 Kg7 26. e6 1-0

[Event "EU-ch 11th"]
[Site "Rijeka"]
[Date "2010.03.11"]
[Round "6"]
[White "Kanarek, Marcel"]
[Black "San Segundo Carrillo, Pablo"]
[Result "1/2-1/2"]
[WhiteElo "2388"]
[BlackElo "2534"]
[PlyCount "78"]
[EventDate "2010.03.06"]
[EventType "swiss"]
[EventRounds "11"]
[EventCountry "CRO"]
[SourceTitle "CBM 136"]
[Source "ChessBase"]
[SourceDate "2010.05.18"]
[SourceVersion "1"]
[SourceVersionDate "2010.05.18"]
[SourceQuality "1"]

1. e4 e5 2. Nf3 Nc6 3. Bb5 a6 4. Ba4 Nf6 5. 0-0 b5 6. Bb3 Bc5 7. d3 d6 8. c3 0-0 9. a4 Rb8 10. Be3 Bxe3 11. fxe3 b4 12. Nbd2 Na5 13. Bc2 c5 14. c4 Ng4 15. Qe1 Nh6 16. b3 Nc6 17. Qh4 Qxh4 18. Nxh4 f6 19. h3 g6 20. Kh2 Kg7 21. Rf2 Rb7 22. Raf1 Rbf7 23. Bd1 Ng8 24. Bg4 Bxg4 25. hxg4 Nge7 26. Kg3 Nd8 27. Kh3 Ne6 28. Kg3 Rh8 29. Rh1 h5 30. Rff1 hxg4 31. Kxg4 Rh5 32. Kf3 Rf8 33. g4 Rh6 34. Kg2 Rfh8 35. Nhf3 f5 36. Rxh6 Rxh6 37. gxf5 gxf5 38. exf5 Nxf5 39. Kf2 Kf7 1/2-1/2

[Event "EU-ch 11th"]
[Site "Rijeka"]
[Date "2010.03.10"]
[Round "5"]
[White "San Segundo Carrillo, Pablo"]
[Black "Dragomirescu, Robin Alexandru"]
[Result "1/2-1/2"]
[WhiteElo "2534"]
[BlackElo "2372"]
[PlyCount "69"]
[EventDate "2010.03.06"]
[EventType "swiss"]
[EventRounds "11"]
[EventCountry "CRO"]
[SourceTitle "CBM 136"]
[Source "ChessBase"]
[SourceDate "2010.05.18"]
[SourceVersion "1"]
[SourceVersionDate "2010.05.18"]
[SourceQuality "1"]

1. d4 Nf6 2. c4 g6 3. g3 Bg7 4. Bg2 0-0 5. Nc3 d6 6. Nf3 Nbd7 7. 0-0 e5 8. e4 c6 9. Qc2 exd4 10. Nxd4 Rb8 11. Rd1 Re8 12. h3 c5 13. Nde2 Qe7 14. a4 b6 15. Bg5 h6 16. Nd5 Qf8 17. Bf4 Nxd5 18. Rxd5 Ne5 19. Rad1 Be6 20. Rxd6 Bxc4 21. b3 Be6 22. Nc3 b5 23. Nd5 bxa4 24. bxa4 Bxh3 25. Nf6+ Bxf6 26. Rxf6 Be6 27. Bxe5 Bb3 28. Qc3 Rxe5 29. Qxe5 Bxd1 30. Ra6 Ra8 31. Rd6 Bxa4 32. Qd5 Kg7 33. Qxc5 Kh7 34. e5 Rc8 35. Qd4 1/2-1/2

[Event "EU-ch 11th"]
[Site "Rijeka"]
[Date "2010.03.09"]
[Round "4"]
[White "Szamoskozi, Gabor"]
[Black "San Segundo Carrillo, Pablo"]
[Result "1/2-1/2"]
[WhiteElo "2347"]
[BlackElo "2534"]
[PlyCount "37"]
[EventDate "2010.03.06"]
[EventType "swiss"]
[EventRounds "11"]
[EventCountry "CRO"]
[SourceTitle "CBM 136"]
[Source "ChessBase"]
[SourceDate "2010.05.18"]
[SourceVersion "1"]
[SourceVersionDate "2010.05.18"]
[SourceQuality "1"]

1. e4 e5 2. Nf3 Nc6 3. d4 exd4 4. Nxd4 Bc5 5. Be3 Qf6 6. c3 Nge7 7. Bc4 d6 8. 0-0 Ne5 9. Be2 Qg6 10. f4 Qxe4 11. Bf2 Bxd4 12. cxd4 N5g6 13. g3 Qf5 14. Nc3 a6 15. d5 h5 16. h4 Qh3 17. Re1 Nxf4 18. Qa4+ Bd7 19. Qe4 1/2-1/2

[Event "Jaen 20th op"]
[Site "Jaen"]
[Date "2010.01.31"]
[Round "1.9"]
[White "Portillo Alcalde, Jose Maria"]
[Black "San Segundo Carrillo, Pablo"]
[Result "0-1"]
[WhiteElo "1630"]
[BlackElo "2534"]
[PlyCount "51"]
[EventDate "2010.01.31"]
[EventType "swiss (rapid)"]
[EventCountry "ESP"]
[SourceTitle "EXT 2024"]
[Source "ChessBase"]
[SourceDate "2023.10.10"]
[SourceVersion "1"]
[SourceVersionDate "2023.10.10"]
[SourceQuality "1"]

1. c4 Nf6 2. Nf3 c6 3. Nc3 d5 4. d4 dxc4 5. e4 b5 6. a4 b4 7. Nb1 Nxe4 8. Bxc4 Nd6 9. Ba2 Ba6 10. Qb3 e6 11. Ne5 Qh4 12. Be3 Be7 13. Nxf7 Nxf7 14. Qxe6 0-0 15. Nd2 b3 16. Bxb3 Bb4 17. 0-0-0 Be2 18. Bg5 Qxg5 19. Qxe2 Nd7 20. Rhe1 Rab8 21. Qc4 Bxd2+ 22. Rxd2 Nb6 23. Qe6 Nd5 24. Kc2 Rxb3 25. Kxb3 Qd8 26. Ra1 0-1

[Event "Collado Villalba op-A 26th"]
[Site "Collado Villalba"]
[Date "2009.08.28"]
[Round "8"]
[White "Teske, Henrik"]
[Black "San Segundo Carrillo, Pablo"]
[Result "1-0"]
[WhiteElo "2536"]
[BlackElo "2570"]
[PlyCount "73"]
[EventDate "2009.08.21"]
[EventType "swiss"]
[EventRounds "9"]
[EventCountry "ESP"]
[SourceTitle "CBM 132 Extra"]
[Source "ChessBase"]
[SourceDate "2009.11.03"]
[SourceVersion "1"]
[SourceVersionDate "2009.11.03"]
[SourceQuality "1"]

1. d4 Nf6 2. Nf3 d5 3. c4 e6 4. Nc3 dxc4 5. e3 a6 6. a4 b6 7. Bxc4 Bb7 8. 0-0 Bb4 9. Qe2 0-0 10. Rd1 Nbd7 11. Na2 Bd6 12. Nc3 Ne4 13. Nxe4 Bxe4 14. b3 Qb8 15. Bxa6 Bxf3 16. gxf3 Qd8 17. f4 Qh4 18. Bb5 Nf6 19. Qf3 Rad8 20. Bd2 Kh8 21. e4 Nh5 22. e5 Be7 23. Be2 g6 24. Be3 c5 25. Qg4 cxd4 26. Qxh4 Bxh4 27. Bxd4 Nxf4 28. Bf3 Rb8 29. Be3 Nd5 30. Bxd5 exd5 31. Rxd5 Rfc8 32. Rad1 Be7 33. Rd7 Re8 34. Rc7 Bc5 35. Bf4 g5 36. Bg3 h5 37. e6 1-0

[Event "Donostia-A"]
[Site "San Sebastian"]
[Date "2009.07.08"]
[Round "2"]
[White "Granda Zuniga, Julio E"]
[Black "San Segundo Carrillo, Pablo"]
[Result "1-0"]
[WhiteElo "2647"]
[BlackElo "2570"]
[PlyCount "56"]
[EventDate "2009.07.07"]
[EventType "tourn"]
[EventRounds "9"]
[EventCountry "ESP"]
[EventCategory "18"]
[SourceTitle "CBM 132"]
[Source "ChessBase"]
[SourceDate "2009.09.16"]
[SourceVersion "1"]
[SourceVersionDate "2009.09.16"]
[SourceQuality "1"]

1. b3 d5 2. Bb2 Nf6 3. e3 c5 4. Nf3 Nc6 5. Bb5 Bd7 6. 0-0 e6 7. c4 a6 8. Ba4 Rb8 9. Na3 Bd6 10. d4 cxd4 11. cxd5 exd5 12. Bxc6 bxc6 13. exd4 0-0 14. Ne5 Re8 15. Nc2 Bxe5 16. dxe5 Ng4 17. f4 Qb6+ 18. Qd4 c5 19. Qxd5 Bf5 20. h3 Red8 21. Qf3 Rd3 22. Qe2 c4+ 23. Kh1 Rbd8 24. e6 Bxe6 25. f5 Rxh3+ 26. gxh3 Bd5+ 27. Rf3 cxb3 28. Nd4 Nf6 1-0

[Event "San Sebastian op 32nd"]
[Site "San Sebastian"]
[Date "2009.04.07"]
[Round "4"]
[White "Tratar, Marko"]
[Black "San Segundo Carrillo, Pablo"]
[Result "1/2-1/2"]
[WhiteElo "2488"]
[BlackElo "2560"]
[PlyCount "58"]
[EventDate "2009.04.04"]
[EventType "swiss"]
[EventRounds "9"]
[EventCountry "ESP"]
[SourceTitle "CBM 129 Extra"]
[Source "ChessBase"]
[SourceDate "2009.05.05"]
[SourceVersion "2"]
[SourceVersionDate "2009.05.20"]
[SourceQuality "1"]

1. Nf3 d5 2. d4 Nf6 3. c4 e6 4. g3 dxc4 5. Bg2 Nc6 6. Qa4 Bb4+ 7. Bd2 Nd5 8. Bxb4 Ndxb4 9. 0-0 Rb8 10. Nc3 a6 11. Ne5 0-0 12. Nxc6 Nxc6 13. Bxc6 bxc6 14. Qxc4 Qd6 15. b3 Rb4 16. Ne4 Qxd4 17. Qxd4 Rxd4 18. f3 f5 19. Nc5 Rfd8 20. Kf2 e5 21. Rfc1 R8d6 22. Rc2 f4 23. gxf4 Rh6 24. Kg2 e4 25. Nxe4 Bg4 26. fxg4 Rxe4 27. Rd1 Rhe6 28. Rd8+ Kf7 29. Rd7+ Ke8 1/2-1/2

[Event "Olympiad-38"]
[Site "Dresden"]
[Date "2008.11.25"]
[Round "11"]
[White "San Segundo Carrillo, Pablo"]
[Black "Jakovenko, Dmitrij"]
[Result "1/2-1/2"]
[WhiteElo "2564"]
[BlackElo "2737"]
[PlyCount "68"]
[EventDate "2008.11.13"]
[EventType "team-swiss"]
[EventRounds "11"]
[EventCountry "GER"]
[SourceTitle "CBM 128"]
[Source "ChessBase"]
[SourceDate "2009.01.28"]
[SourceVersion "1"]
[SourceVersionDate "2009.01.28"]
[SourceQuality "1"]
[WhiteTeam "Spain"]
[BlackTeam "Russia"]
[WhiteTeamCountry "ESP"]
[BlackTeamCountry "RUS"]

1. d4 d5 2. c4 c6 3. Nf3 Nf6 4. Nc3 e6 5. e3 a6 6. b3 c5 7. cxd5 exd5 8. Bb2 Nc6 9. Be2 cxd4 10. Nxd4 Bd6 11. 0-0 0-0 12. Rc1 Qc7 13. h3 Rd8 14. Bf3 Qe7 15. Nxc6 bxc6 16. Na4 Bb7 17. Qd4 Rab8 18. Rc2 Qf8 19. Nc5 Bc8 20. Rfc1 Nd7 21. Nd3 Bb7 22. b4 Ba8 23. a3 Be7 24. Qa7 Bb7 25. Ne5 Nxe5 26. Bxe5 Bd6 27. Bxd6 Qxd6 28. Be2 Rd7 29. Qc5 Qc7 30. Bg4 Rd6 31. Qd4 Qd8 32. Rc5 Qg5 33. Bf3 Re8 34. h4 Qf5 1/2-1/2

[Event "Olympiad-38"]
[Site "Dresden"]
[Date "2008.11.23"]
[Round "10"]
[White "Iotov, Valentin"]
[Black "San Segundo Carrillo, Pablo"]
[Result "0-1"]
[WhiteElo "2532"]
[BlackElo "2564"]
[PlyCount "72"]
[EventDate "2008.11.13"]
[EventType "team-swiss"]
[EventRounds "11"]
[EventCountry "GER"]
[SourceTitle "CBM 128"]
[Source "ChessBase"]
[SourceDate "2009.01.28"]
[SourceVersion "1"]
[SourceVersionDate "2009.01.28"]
[SourceQuality "1"]
[WhiteTeam "Bulgaria"]
[BlackTeam "Spain"]
[WhiteTeamCountry "BUL"]
[BlackTeamCountry "ESP"]

1. d4 d5 2. Nf3 Nf6 3. c4 c6 4. e3 Bg4 5. h3 Bxf3 6. Qxf3 e6 7. Nc3 Nbd7 8. Bd3 Bb4 9. Bd2 0-0 10. a3 Ba5 11. cxd5 exd5 12. b4 Bc7 13. 0-0 Re8 14. Rfc1 Nf8 15. b5 Ne6 16. bxc6 bxc6 17. h4 c5 18. dxc5 d4 19. Ne4 dxe3 20. Nxf6+ gxf6 21. Qxe3 Ng5 22. Bxh7+ Kxh7 23. Qb3 Rb8 24. Bb4 Ne6 25. Rd1 Qc8 26. Rac1 Kg7 27. c6 a5 28. Rd7 axb4 29. Qf3 Rb5 30. Qg4+ Kf8 31. a4 Re5 32. Qxb4+ Kg8 33. Qg4+ Ng7 34. g3 Re1+ 35. Rxe1 Rxe1+ 36. Kh2 Bxg3+ 0-1